Soupe - Mort Subite - Statistiques

Statistiques générales
  • Ce quiz a été pris 168 fois
  • Le résultat moyen est 5 sur 16
Answers on the Grid
Answers color-coded by a green-red scale on the quiz's grid according to % correct below.
Consommé de bœuf
Gaspacho
Minestrone
Miso rāmen
Japchae
Ragi mudde
Mish-mash
Naengguk
Soupe à l'oignon gratinée
Harira
Sopa de patas
Sopa paraguaya
Quarkkäulchen
Poke
Vori vori
Żurek
Caldo verde
Hot chicken
Jambalaya
Gelato
Tamagoyaki
Pelau
Bœuf Wellington
Sinigang
Quiaude
Tom yum
Phở / Tonkinoise
Aziminu
 
Statistiques - réponses
Réponse % Correct
Gaspacho
72%
Soupe à l'oignon gratinée
68%
Miso rāmen
55%
Phở / Tonkinoise
53%
Sopa de patas
47%
Minestrone
42%
Consommé de bœuf
25%
Tom yum
22%
Harira
20%
Caldo verde
19%
Naengguk
8%
Żurek
8%
Sinigang
5%
Aziminu
3%
Quiaude
3%
Vori vori
3%
Aucun quiz correspondant
Distribution des résultats
% des personnes avec chaque résultat
Percentile par nombre de réponses
Votre historique - résultats
Vous n’avez pas pris ce quiz